Animated Movies - Sudden Death - Statistics

General Stats
  • This quiz has been taken 105 times
  • The average score is 10 of 24
Answers on the Grid
Answers color-coded by a green-red scale on the quiz's grid according to % correct below.
Kirikou and the Sorceress
Edward Scissorhands
Tangled
Corpse Bride
Big Fish
Phantom of the Paradise
Mary and Max
Hercules
My Life as a Zucchini
Flow
Maleficient
Perfect Blue
Into the Woods
Memoirs of a Snail
Leptirica
Frankenweenie
Cinderella
The Black Cauldron
Chestnut
Nanny McPhee
All Dogs go to Heaven
Fritz the Cat
Pan's Labyrinth
The Adventures of Ichabod and Mr. Toad
The Princess and the Frog
Fantasia 2000
Cats
Wicked
The Lion King
The Bird with the Crystal Plumage
Satyricon
Hugo
The Princess Bride
The Sword in the Stone
Ella Enchanted
Wendell & Wild
The Princess Diaries
Belladona of Sadness
Persepolis
Cat People
Hocus Pocus
The Illusionist
Ghostland
Klaus
 
Answer Stats
Answer % Correct
Tangled
85%
Cinderella
74%
Hercules
72%
Corpse Bride
71%
The Lion King
65%
The Princess and the Frog
63%
Frankenweenie
57%
Fantasia 2000
51%
The Sword in the Stone
43%
All Dogs go to Heaven
41%
The Black Cauldron
37%
Flow
35%
Klaus
34%
The Adventures of Ichabod and Mr. Toad
34%
Kirikou and the Sorceress
31%
Fritz the Cat
28%
My Life as a Zucchini
28%
Perfect Blue
24%
Mary and Max
22%
Memoirs of a Snail
19%
Persepolis
18%
Wendell & Wild
12%
The Illusionist
10%
Belladona of Sadness
6%
No matching quizzes found
Score Distribution
Percent of People with Each Score
Percentile by Number Answered
Your Score History
You have not taken this quiz